| 000 | 01093nam a2200217Ia 4500 | ||
|---|---|---|---|
| 999 |
_c37665 _d37665 |
||
| 001 | 3637 | ||
| 003 | GE_BSU | ||
| 005 | 20190520163519.0 | ||
| 008 | 181216s1983||||ge |||||||||||||| ||geo|| | ||
| 040 | _cGE_BSU | ||
| 041 | _ageo | ||
| 080 | _a528.48(075.8):622.1 თ–40 | ||
| 100 |
_aთევზაძე,ნ. _91425 |
||
| 245 |
_aსაინჟინრო გეოდეზია : 10 ნაწილად. ნაწ. 4, უმცირეს კვადრატთა მეთოდი / _cნიკოლოზ თევზაძე ; გამ–ბის რედ : ლ.ბახტაძე. |
||
| 264 |
_aთბილისი : _bთბილ. უნ-ტის გამ-ბა, _c1983. |
||
| 300 |
_a471 გვ .: _bილ. _c26 სმ. _eდანართი : 8 დაკ. ფ. |
||
| 653 | _aსაინჟინრო გეოდეზია | ||
| 653 | _aუმცირეს კვადრატთა მეთოდი | ||
| 700 |
_aბახტაძე, ლ _eგამომცემლობის რედაქტორი _91429 |
||
| 942 |
_cBK _2udc |
||